[Event "Hessen-ch U16"]
[Site "Bad Homburg"]
[Date "2015.04.02"]
[Round "6"]
[White "Peter, Anton"]
[Black "Neukirchner, Pascal"]
[Result "0-1"]
[WhiteElo "1848"]
[BlackElo "1932"]
[PlyCount "52"]
[EventDate "2015.03.30"]
[EventType "swiss"]
[EventRounds "7"]
[EventCountry "GER"]
[SourceTitle "EXT 2017"]
[Source "ChessBase"]
[SourceDate "2016.10.25"]
[SourceVersion "1"]
[SourceVersionDate "2016.10.25"]
[SourceQuality "1"]

1. Nf3 Nf6 2. c4 d6 3. d4 g6 4. Nc3 Bg7 5. e4 0-0 6. h3 e5 7. d5 Nbd7 8. Bg5 h6 9. Be3 Re8 10. b4 Nf8 11. g4 c5 12. dxc6 bxc6 13. Qd2 g5 14. Rd1 Re6 15. c5 d5 16. Bc4 d4 17. Bxe6 Nxe6 18. Nxe5 Nxe4 19. Nxe4 Bxe5 20. Qc2 Ba6 21. f3 Qb8 22. Bf2 Qxb4+ 23. Qd2 Qa3 24. Bg3 Qxf3 25. Bxe5 Qxh1+ 26. Kf2 Qxe4 0-1

[Event "Hessen-ch U16"]
[Site "Bad Homburg"]
[Date "2015.03.30"]
[Round "3"]
[White "Peter, Anton"]
[Black "Bach, Christopher"]
[Result "1-0"]
[WhiteElo "1848"]
[BlackElo "1728"]
[PlyCount "73"]
[EventDate "2015.03.30"]
[EventType "swiss"]
[EventRounds "7"]
[EventCountry "GER"]
[SourceTitle "EXT 2017"]
[Source "ChessBase"]
[SourceDate "2016.10.25"]
[SourceVersion "1"]
[SourceVersionDate "2016.10.25"]
[SourceQuality "1"]

1. Nf3 Nf6 2. c4 g6 3. Nc3 d5 4. cxd5 Nxd5 5. Qb3 Nb6 6. d4 Bg7 7. e4 0-0 8. Be3 Nc6 9. d5 Ne5 10. Be2 e6 11. Rd1 exd5 12. Nxd5 Nxf3+ 13. Bxf3 Nxd5 14. Rxd5 Qf6 15. Rd2 Qa6 16. Be2 Qc6 17. Qc4 Bd7 18. f3 Rfe8 19. Kf2 Qxc4 20. Bxc4 Be6 21. Bxe6 Rxe6 22. Rhd1 Bf6 23. b3 Be7 24. Bf4 Rc6 25. Rd7 Rc2+ 26. Kg3 Bd6 27. Bxd6 cxd6 28. Rxb7 Rxa2 29. Rxd6 a5 30. Rdd7 Rf8 31. Ra7 Ra3 32. Rdb7 Rc8 33. Rxf7 Rxb3 34. Rg7+ Kh8 35. Rxh7+ Kg8 36. Rhg7+ Kh8 37. Rxg6 1-0

[Event "Hessen-ch U14"]
[Site "Bad Homburg"]
[Date "2014.04.16"]
[Round "3"]
[White "Peter, Anton"]
[Black "Nothnagel, Marian Can"]
[Result "0-1"]
[WhiteElo "1802"]
[BlackElo "1790"]
[PlyCount "100"]
[EventDate "2014.04.??"]
[EventType "swiss"]
[EventRounds "7"]
[EventCountry "GER"]
[SourceTitle "EXT 2022"]
[Source "ChessBase"]
[SourceDate "2021.10.06"]
[SourceVersion "1"]
[SourceVersionDate "2021.10.06"]
[SourceQuality "1"]

1. Nf3 Nf6 2. c4 g6 3. Nc3 Bg7 4. e4 d6 5. d4 0-0 6. h3 e5 7. d5 Ne8 8. g4 c6 9. Rg1 cxd5 10. Nxd5 Nc6 11. Bg5 f6 12. Be3 Be6 13. Be2 Ne7 14. Nxe7+ Qxe7 15. h4 Qd7 16. Nd2 Rc8 17. h5 a6 18. Rc1 Nc7 19. Bf3 b5 20. b3 Rb8 21. Rc3 bxc4 22. Nxc4 Bxc4 23. Rxc4 Rfd8 24. hxg6 hxg6 25. g5 f5 26. exf5 d5 27. Rxc7 Qxc7 28. Bxd5+ Kf8 29. f6 Qa5+ 30. b4 Qxd5 31. Qxd5 Rxd5 32. a3 Bh8 33. Rh1 Kf7 34. Rh7+ Ke6 35. Ra7 Rd6 36. f4 Bxf6 37. gxf6 Kxf6 38. fxe5+ Kxe5 39. Re7+ Kf6 40. Rc7 Re8 41. Kf2 Rd3 42. Bc1 Re6 43. Bb2+ Kf5 44. Rc5+ Kg4 45. Rc4+ Kh3 46. Bc1 Rd5 47. Rc3+ Kh4 48. Rc4+ Kh5 49. a4 Rf5+ 50. Kg3 g5 0-1

[Event "Hessen-ch U14"]
[Site "Bad Homburg"]
[Date "2014.04.15"]
[Round "2"]
[White "Kuehner, Tobias"]
[Black "Peter, Anton"]
[Result "0-1"]
[WhiteElo "1754"]
[BlackElo "1802"]
[PlyCount "120"]
[EventDate "2014.04.??"]
[EventType "swiss"]
[EventRounds "7"]
[EventCountry "GER"]
[SourceTitle "EXT 2022"]
[Source "ChessBase"]
[SourceDate "2021.10.06"]
[SourceVersion "1"]
[SourceVersionDate "2021.10.06"]
[SourceQuality "1"]

1. d4 d5 2. c4 c6 3. Bf4 Nf6 4. Nc3 dxc4 5. e3 Nd5 6. Bxb8 Rxb8 7. Bxc4 e6 8. Nge2 Be7 9. 0-0 0-0 10. a3 Nxc3 11. Nxc3 c5 12. dxc5 Bxc5 13. Qxd8 Rxd8 14. Rfd1 Bd7 15. Rd3 Bc6 16. Rad1 Rxd3 17. Rxd3 a6 18. b4 Be7 19. Ne2 Rc8 20. h3 Bf6 21. Nd4 Be4 22. Rc3 Bxd4 23. exd4 Bd5 24. Bxd5 Rxc3 25. Bxb7 Rxa3 26. d5 exd5 27. Bxd5 g6 28. Kf1 Ra4 29. Bb7 Kg7 30. Ke2 Kf6 31. Kd3 Rxb4 32. Bxa6 Ke5 33. Bc4 f5 34. Bg8 h6 35. Ke3 g5 36. Kf3 Ra4 37. Kg3 Ra3+ 38. f3 Ra4 39. Bb3 Rb4 40. Bf7 Kf6 41. Bh5 Rh4 42. Be8 Rb4 43. Bh5 Rb1 44. Be8 Rh1 45. f4 Rc1 46. fxg5+ hxg5 47. Bh5 Rc3+ 48. Bf3 Ke5 49. Kf2 Kf4 50. g3+ Ke5 51. Bh5 Ke4 52. Bg6 Rc2+ 53. Kg1 Ke5 54. Kh1 Rd2 55. Kg1 f4 56. gxf4+ gxf4 57. h4 f3 58. Be8 Kf4 59. h5 Kg3 60. Ba4 Ra2 0-1

[Event "Bad Godesberg op 17th"]
[Site "Bad Godesberg"]
[Date "2013.08.08"]
[Round "6"]
[White "Rahmen, Christian"]
[Black "Peter, Anton"]
[Result "0-1"]
[WhiteElo "1616"]
[BlackElo "1730"]
[PlyCount "148"]
[EventDate "2013.08.03"]
[EventType "swiss"]
[EventRounds "9"]
[EventCountry "GER"]
[SourceTitle "CBM 155 Extra"]
[Source "ChessBase"]
[SourceDate "2013.08.26"]
[SourceVersion "1"]
[SourceVersionDate "2013.08.26"]
[SourceQuality "1"]

1. d4 d5 2. c4 c6 3. Nf3 Nf6 4. Nc3 dxc4 5. e3 Bf5 6. Bxc4 e6 7. 0-0 Nbd7 8. Bd2 Nb6 9. Be2 Bd6 10. Rc1 0-0 11. Na4 Nxa4 12. Qxa4 Qe7 13. Rfd1 h6 14. Ne5 Ne4 15. Be1 f6 16. Nd3 e5 17. f3 Ng5 18. e4 Be6 19. dxe5 fxe5 20. Bf2 Nf7 21. Nc5 Bc8 22. Qc2 b6 23. Na4 Bb7 24. Nc3 Rac8 25. a4 Bc5 26. Bf1 Kh8 27. Rd2 Rfd8 28. Rcd1 Bxf2+ 29. Kxf2 Rxd2+ 30. Rxd2 Rd8 31. Rxd8+ Qxd8 32. Qd3 Qxd3 33. Bxd3 Bc8 34. g3 g5 35. Ke3 Kg7 36. f4 gxf4+ 37. gxf4 exf4+ 38. Kxf4 Kf6 39. e5+ Nxe5 40. Ne4+ Ke6 41. Bf1 Ng6+ 42. Ke3 Ke5 43. Nd2 Bd7 44. Bd3 Ne7 45. Nf3+ Kf6 46. Kd4 Bg4 47. Ke3 Bxf3 48. Kxf3 Ng6 49. Ke4 Ne5 50. Be2 Nd7 51. Bd1 Nc5+ 52. Kd4 Ne6+ 53. Kc4 Ke5 54. b4 Kd6 55. Bg4 Nf4 56. Kd4 Nd5 57. b5 c5+ 58. Kd3 Ke5 59. Bf3 Nf6 60. Kc4 Kf4 61. Bb7 h5 62. h3 h4 63. Bc8 Ke5 64. a5 Ne4 65. axb6 axb6 66. Bd7 Ng5 67. Bg4 Ne6 68. Kd3 Nd4 69. Kc4 Nf5 70. Kd3 Nd6 71. Bd7 c4+ 72. Kc3 Kd5 73. Kb4 Kd4 74. Be8 Nxe8 0-1

[Event "Hessen-ch U14"]
[Site "Bad Homburg"]
[Date "2013.??.??"]
[Round "1"]
[White "Neukirchner, Pascal"]
[Black "Peter, Anton"]
[Result "0-1"]
[WhiteElo "1316"]
[BlackElo "1730"]
[PlyCount "102"]
[EventDate "2013.03.??"]
[EventType "swiss"]
[EventRounds "7"]
[EventCountry "GER"]
[SourceTitle "EXT 2014"]
[Source "ChessBase"]
[SourceDate "2013.11.20"]
[SourceVersion "1"]
[SourceVersionDate "2013.11.20"]
[SourceQuality "1"]

1. d4 d5 2. Nf3 Nf6 3. Bf4 Bf5 4. e3 e6 5. Nbd2 c5 6. c3 Nc6 7. Ne5 Nd7 8. Ndf3 a6 9. Qa4 Ndxe5 10. Nxe5 b5 11. Qd1 Be7 12. a4 c4 13. b3 Nxe5 14. Bxe5 f6 15. Bg3 b4 16. bxc4 bxc3 17. a5 c2 18. Qd2 dxc4 19. Bxc4 Rc8 20. Bb3 Bb4 21. Qxb4 c1Q+ 22. Rxc1 Rxc1+ 23. Bd1 Qc8 24. 0-0 Kf7 25. Qb2 g6 26. Bf3 Rxf1+ 27. Kxf1 Bd3+ 28. Ke1 Bb5 29. Kd2 Qc4 30. Qc2 Qxc2+ 31. Kxc2 Rc8+ 32. Kd2 Bc6 33. Bxc6 Rxc6 34. Kd3 f5 35. Kd2 Ke7 36. Kd3 Kd7 37. Bb8 Rc1 38. Ba7 Rg1 39. g3 Rg2 40. Ke2 Rxh2 41. Kf3 g5 42. Bb8 Rh1 43. Ba7 Re1 44. Bc5 g4+ 45. Kg2 h5 46. Bb4 Ra1 47. Bc3 Rb1 48. f4 Kc6 49. Kf2 Kd5 50. Ke2 Ke4 51. Bd2 Rb2 0-1

[Event "Hessen-ch U14"]
[Site "Bad Homburg"]
[Date "2013.??.??"]
[Round "4"]
[White "Peter, Anton"]
[Black "Bach, Christopher"]
[Result "1-0"]
[WhiteElo "1730"]
[BlackElo "1531"]
[PlyCount "41"]
[EventDate "2013.03.??"]
[EventType "swiss"]
[EventRounds "7"]
[EventCountry "GER"]
[SourceTitle "EXT 2014"]
[Source "ChessBase"]
[SourceDate "2013.11.20"]
[SourceVersion "1"]
[SourceVersionDate "2013.11.20"]
[SourceQuality "1"]

1. Nf3 Nf6 2. c4 g6 3. Nc3 d5 4. cxd5 Nxd5 5. Qb3 Nxc3 6. Qxc3 f6 7. e4 Be6 8. d4 Bg7 9. d5 Bf7 10. Ng5 Nd7 11. Nxf7 Kxf7 12. Bf4 Rc8 13. Qb3 Nc5 14. Qc4 b6 15. b4 f5 16. Rd1 Nxe4 17. d6+ Kf8 18. d7 Bc3+ 19. Ke2 g5 20. dxc8Q Qxc8 21. Be3 1-0

[Event "GER-ch Net qual2 U14"]
[Site "Playchess.com INT"]
[Date "2012.09.05"]
[Round "7"]
[White "Graf, Clara Victoria"]
[Black "Peter, Anton"]
[Result "1-0"]
[WhiteElo "1443"]
[BlackElo "1585"]
[PlyCount "49"]
[EventDate "2012.09.05"]
[EventType "swiss (blitz)"]
[EventRounds "7"]
[EventCountry "GER"]
[SourceTitle "CBM 150 Extra"]
[Source "ChessBase"]
[SourceDate "2012.10.19"]
[SourceVersion "1"]
[SourceVersionDate "2012.10.19"]
[SourceQuality "1"]

1. e4 c5 2. Nf3 e6 3. d4 cxd4 4. Nxd4 Nf6 5. Bd3 a6 6. c3 Qc7 7. 0-0 d6 8. Bg5 Nbd7 9. Qe2 Be7 10. Nd2 b5 11. Kh1 Bb7 12. f4 0-0 13. N2b3 Nc5 14. Nxc5 dxc5 15. Nf3 Rfd8 16. Bxf6 Bxf6 17. e5 Be7 18. c4 bxc4 19. Bxc4 Bd5 20. Bxd5 exd5 21. f5 Rab8 22. b3 Re8 23. Qxa6 Rb6 24. Qd3 c4 25. Qxd5 1-0

[Event "GER-ch Net qual2 U14"]
[Site "Playchess.com INT"]
[Date "2012.09.05"]
[Round "4"]
[White "Peter, Anton"]
[Black "Martin, Julian"]
[Result "1-0"]
[WhiteElo "1585"]
[BlackElo "1472"]
[PlyCount "31"]
[EventDate "2012.09.05"]
[EventType "swiss (blitz)"]
[EventRounds "7"]
[EventCountry "GER"]
[SourceTitle "CBM 150 Extra"]
[Source "ChessBase"]
[SourceDate "2012.10.19"]
[SourceVersion "1"]
[SourceVersionDate "2012.10.19"]
[SourceQuality "1"]

1. Nf3 d6 2. d4 c6 3. e4 Nd7 4. c4 g6 5. Nc3 Bg7 6. Be2 c5 7. Be3 b6 8. 0-0 Bb7 9. Qd2 Ngf6 10. e5 Ng4 11. e6 fxe6 12. Ng5 Nxe3 13. Qxe3 Nf8 14. d5 exd5 15. cxd5 Qd7 16. Bb5 1-0

[Event "GER-ch Net qual2 U14"]
[Site "Playchess.com INT"]
[Date "2012.09.05"]
[Round "3"]
[White "Wiesner, Paula"]
[Black "Peter, Anton"]
[Result "1-0"]
[WhiteElo "1646"]
[BlackElo "1585"]
[PlyCount "61"]
[EventDate "2012.09.05"]
[EventType "swiss (blitz)"]
[EventRounds "7"]
[EventCountry "GER"]
[SourceTitle "CBM 150 Extra"]
[Source "ChessBase"]
[SourceDate "2012.10.19"]
[SourceVersion "1"]
[SourceVersionDate "2012.10.19"]
[SourceQuality "1"]

1. d4 d5 2. c4 c6 3. Nf3 Nf6 4. Nc3 dxc4 5. e3 Bf5 6. Bxc4 e6 7. 0-0 Nbd7 8. Re1 Ne4 9. Nxe4 Bxe4 10. Nd2 Nb6 11. Bxe6 Bxg2 12. Bxf7+ Kxf7 13. Kxg2 Qg5+ 14. Kh1 Bd6 15. Qf3+ Ke7 16. Ne4 Qg6 17. Nxd6 Qxd6 18. Qg3 Qf6 19. e4 h6 20. e5 Qe6 21. Bd2 Nd5 22. f4 g6 23. Rg1 Rhg8 24. Qh4+ g5 25. fxg5 hxg5 26. Bxg5+ Kd7 27. Qh7+ Ne7 28. Qxe7+ Qxe7 29. Bxe7 Kxe7 30. Rxg8 Rxg8 31. Rg1 1-0

[Event "GER-ch Net qual1 U14"]
[Site "Playchess.com INT"]
[Date "2012.09.01"]
[Round "5"]
[White "Wiesner, Alexander"]
[Black "Peter, Anton"]
[Result "0-1"]
[WhiteElo "1461"]
[BlackElo "1551"]
[PlyCount "34"]
[EventDate "2012.09.01"]
[EventType "swiss (blitz)"]
[EventRounds "7"]
[EventCountry "GER"]
[SourceTitle "CBM 150 Extra"]
[Source "ChessBase"]
[SourceDate "2012.10.19"]
[SourceVersion "1"]
[SourceVersionDate "2012.10.19"]
[SourceQuality "1"]

1. e4 c5 2. Nf3 e6 3. d4 cxd4 4. Nxd4 a6 5. a4 Nf6 6. Nc3 Qc7 7. Be3 Bb4 8. f3 Bxc3+ 9. bxc3 Qxc3+ 10. Qd2 Qxa1+ 11. Qd1 Qc3+ 12. Qd2 Qxd2+ 13. Bxd2 Nc6 14. Nxc6 dxc6 15. Bc4 Bd7 16. 0-0 b5 17. axb5 cxb5 0-1

[Event "GER-ch U12"]
[Site "Oberhof"]
[Date "2012.06.02"]
[Round "11"]
[White "Peter, Anton"]
[Black "Nguyen, Huy Dat"]
[Result "1/2-1/2"]
[WhiteElo "1630"]
[BlackElo "1707"]
[PlyCount "44"]
[EventDate "2012.05.27"]
[EventType "swiss"]
[EventRounds "11"]
[EventCountry "GER"]
[SourceTitle "CBM 148 Extra"]
[Source "ChessBase"]
[SourceDate "2012.06.22"]
[SourceVersion "1"]
[SourceVersionDate "2012.06.22"]
[SourceQuality "1"]

1. Nf3 Nf6 2. c4 g6 3. Nc3 Bg7 4. e4 d6 5. d4 0-0 6. Be2 e5 7. dxe5 dxe5 8. Qxd8 Rxd8 9. Nd5 Nxd5 10. cxd5 c6 11. Bc4 cxd5 12. Bxd5 Nc6 13. Bg5 Re8 14. 0-0-0 Bg4 15. Be3 Rac8 16. Kb1 b6 17. a3 Ne7 18. Bb3 h6 19. h3 Bxf3 20. gxf3 Red8 21. f4 exf4 22. Bxf4 Nc6 1/2-1/2

[Event "GER-ch U12"]
[Site "Oberhof"]
[Date "2012.05.30"]
[Round "6"]
[White "Heldt, Nils Lennart"]
[Black "Peter, Anton"]
[Result "0-1"]
[WhiteElo "1408"]
[BlackElo "1630"]
[PlyCount "92"]
[EventDate "2012.05.27"]
[EventType "swiss"]
[EventRounds "11"]
[EventCountry "GER"]
[SourceTitle "CBM 148 Extra"]
[Source "ChessBase"]
[SourceDate "2012.06.22"]
[SourceVersion "1"]
[SourceVersionDate "2012.06.22"]
[SourceQuality "1"]

1. d4 d5 2. c4 c6 3. Nc3 Nf6 4. Bf4 dxc4 5. e4 b5 6. e5 Nd5 7. Bg3 e6 8. Nxd5 cxd5 9. Nf3 Nc6 10. Bf4 Bb7 11. Be2 Be7 12. 0-0 Qb6 13. Rb1 a5 14. b3 c3 15. Qd3 b4 16. Qb5 Qxb5 17. Bxb5 h6 18. Ra1 Kd7 19. Bc1 Ba6 20. Bxa6 Rxa6 21. a3 Ra7 22. a4 Bd8 23. Be3 Bb6 24. Rac1 Ne7 25. Rc2 Rc7 26. h3 Rcc8 27. Nh2 Rcf8 28. f4 Nf5 29. Bf2 Bxd4 30. Nf3 Bxf2+ 31. Kxf2 Rc8 32. g4 Ne7 33. Nd4 Nc6 34. Nxc6 Rxc6 35. Ke3 Ke7 36. Kd4 Rcc8 37. Rf3 Rhd8 38. Rf1 f6 39. exf6+ gxf6 40. Re1 Kd6 41. Rce2 Re8 42. Rc2 e5+ 43. fxe5+ fxe5+ 44. Kd3 Rf8 45. Re3 e4+ 46. Kd4 Rf1 0-1

[Event "GER-ch U12"]
[Site "Oberhof"]
[Date "2012.05.28"]
[Round "4"]
[White "Kololli, Martin"]
[Black "Peter, Anton"]
[Result "1-0"]
[WhiteElo "1722"]
[BlackElo "1630"]
[PlyCount "31"]
[EventDate "2012.05.27"]
[EventType "swiss"]
[EventRounds "11"]
[EventCountry "GER"]
[SourceTitle "CBM 148 Extra"]
[Source "ChessBase"]
[SourceDate "2012.06.22"]
[SourceVersion "1"]
[SourceVersionDate "2012.06.22"]
[SourceQuality "1"]

1. e4 c5 2. Nf3 e6 3. c3 d5 4. exd5 Qxd5 5. d4 Nf6 6. Be2 cxd4 7. cxd4 Bb4+ 8. Nc3 0-0 9. 0-0 Bxc3 10. bxc3 b6 11. Ne5 Bb7 12. Bf3 Ne4 13. Re1 f5 14. Bxe4 fxe4 15. Qg4 Nd7 16. Bh6 1-0

[Event "GER-ch U12"]
[Site "Oberhof"]
[Date "2011.06.17"]
[Round "10"]
[White "Sawlin, Leonid"]
[Black "Peter, Anton"]
[Result "1-0"]
[WhiteElo "1920"]
[BlackElo "1757"]
[PlyCount "53"]
[EventDate "2011.06.11"]
[EventType "swiss"]
[EventRounds "11"]
[EventCountry "GER"]
[SourceTitle "CBM 142 Extra"]
[Source "ChessBase"]
[SourceDate "2011.06.27"]
[SourceVersion "1"]
[SourceVersionDate "2011.06.27"]
[SourceQuality "1"]

1. e4 c5 2. Nf3 e6 3. d4 cxd4 4. Nxd4 Qb6 5. Nb3 Nc6 6. Be3 Qc7 7. Nc3 Bb4 8. Bd2 a6 9. Bd3 Nf6 10. 0-0 0-0 11. a3 Be7 12. f4 d6 13. f5 Ne5 14. Bf4 Nxd3 15. Qxd3 b5 16. Rad1 Rd8 17. Bg5 Ng4 18. Bxe7 Qxe7 19. Qg3 exf5 20. Nd5 Qa7+ 21. Kh1 fxe4 22. Nd4 Ne5 23. Nf6+ Kh8 24. Nxh7 Bg4 25. Ng5 Bxd1 26. Qh4+ Kg8 27. Nde6 1-0

[Event "GER-ch U12"]
[Site "Oberhof"]
[Date "2011.06.13"]
[Round "4"]
[White "Urban, Konstantin"]
[Black "Peter, Anton"]
[Result "1-0"]
[WhiteElo "1648"]
[BlackElo "1757"]
[PlyCount "143"]
[EventDate "2011.06.11"]
[EventType "swiss"]
[EventRounds "11"]
[EventCountry "GER"]
[SourceTitle "CBM 142 Extra"]
[Source "ChessBase"]
[SourceDate "2011.06.27"]
[SourceVersion "1"]
[SourceVersionDate "2011.06.27"]
[SourceQuality "1"]

1. e4 c5 2. Nf3 a6 3. c3 e6 4. d4 d5 5. Nbd2 Nc6 6. exd5 exd5 7. dxc5 Bxc5 8. Nb3 Ba7 9. Be2 Nf6 10. 0-0 0-0 11. h3 Qd6 12. Nbd4 Bd7 13. Be3 Ne4 14. Qc2 Rac8 15. Rad1 Bb8 16. Bd3 Nb4 17. Qe2 Nxd3 18. Qxd3 Qg6 19. Kh1 Qh5 20. Qe2 Rfd8 21. Nd2 Qe5 22. N4f3 Qh5 23. Nxe4 dxe4 24. Ng1 Qe5 25. g3 Qc7 26. Qh5 Be6 27. Bd4 f6 28. a3 b5 29. Qh4 Bf5 30. Qh5 Be6 31. Rd2 Ba7 32. Qd1 Bxd4 33. Rxd4 Rxd4 34. Qxd4 Rd8 35. Qe3 Bc4 36. Re1 f5 37. Ne2 Bxe2 38. Rxe2 Qd6 39. Kg2 Kf7 40. Qg5 g6 41. g4 Qf6 42. Qh6 Kg8 43. Qf4 Qd6 44. Qg5 Qd3 45. Re3 Qd5 46. gxf5 Rf8 47. Qg4 Qxf5 48. Qxf5 gxf5 49. f3 Rd8 50. fxe4 fxe4 51. Re2 Kf7 52. Kg3 Rd3+ 53. Kg4 Kf6 54. Rxe4 a5 55. Re2 b4 56. axb4 axb4 57. cxb4 Rb3 58. Re4 Rxb2 59. Kh5 Kf5 60. Rc4 Kf6 61. Kh6 Ra2 62. Kxh7 Ra8 63. b5 Rb8 64. Rb4 Rb6 65. h4 Kf5 66. Kg7 Rg6+ 67. Kf7 Rb6 68. Ke7 Ke5 69. Kd7 Kd5 70. Kc7 Kc5 71. Rc4+ Kxb5 72. Rb4+ 1-0

[Event "Karl Mala Memorial op 12th"]
[Site "Frankfurt"]
[Date "2009.07.19"]
[Round "7"]
[White "Peter, Anton"]
[Black "Donchenko, Darja"]
[Result "1/2-1/2"]
[WhiteElo "1378"]
[BlackElo "1732"]
[PlyCount "89"]
[EventDate "2009.07.16"]
[EventType "swiss"]
[EventRounds "7"]
[EventCountry "GER"]
[SourceTitle "EXT 2010"]
[Source "ChessBase"]
[SourceDate "2010.11.25"]
[SourceVersion "1"]
[SourceVersionDate "2010.11.25"]
[SourceQuality "1"]

1. d4 f5 2. c4 Nf6 3. Nc3 e6 4. Bg5 Be7 5. e3 0-0 6. Nf3 c6 7. Be2 d5 8. Ne5 Nbd7 9. f4 Nxe5 10. fxe5 Ne4 11. Bxe7 Qxe7 12. 0-0 Bd7 13. Nxe4 fxe4 14. Qb3 b6 15. Rae1 Rf7 16. Rxf7 Qxf7 17. Rf1 Qe7 18. Qd1 Rf8 19. Rxf8+ Qxf8 20. Qf1 Qe7 21. Qd1 Be8 22. Qe1 Qg5 23. Qf2 Bh5 24. Bxh5 Qxh5 25. cxd5 Qd1+ 26. Qf1 Qxf1+ 27. Kxf1 cxd5 28. Ke2 Kf7 29. Kd2 Ke7 30. Kc3 Kd7 31. Kb4 Kc6 32. a4 a5+ 33. Kc3 b5 34. Kb3 b4 35. Kc2 Kd7 36. Kd2 Ke7 37. Ke2 g5 38. Kf2 Kf7 39. Kg3 h5 40. Kh3 Kg6 41. g3 Kh6 42. Kg2 Kg6 43. h3 Kf5 44. Kf2 h4 45. g4+ 1/2-1/2